000
00326nam a2200109Ia 4500
008
200302s9999 xx 000 0 und d
100
_a
Sarah Noal ed.,
245
_a
Educational Spaces Dining Hall, Outdoor Education Center, Gymnasium Play Ground Vol 3
260
_b
Images Publishing Group Ltd.
260
_c
2003
300
_a
224
999
_c
3585
_d
3585